Statistiques concernant Pays qui battent le Brésil

Cliquez ici pour prendre le quiz!

Statistiques générales

  • Ce quiz a été pris 10 958 fois
    (2 041 depuis la dernière actualisation)
  • Le résultat moyen est 13 sur 20

Statistiques - réponses

RangCatégoriePays% Correct
5Plus peupléChine | Inde | Etats-Unis | Indonésie
100%
7Plus au SudChili | Argentine | Australie | Nouvelle-Zélande | Afrique du Sud | Uruguay
99%
4Plus de frontièresChine | Russie | France
95%
2Plus d'étoiles sur son drapeauEtats-Unis
93%
2Plus grande superficie forestièreRussie
77%
11Taux de meurtres le plus élevéSalvador | Honduras | Vénézuela | Jamaique | Lesotho | Belize | Saint-Vincent-et-les-Grenadines | Saint-Christophe-et-Niévès | Trinité-et-Tobago
75%
3Plus peuplé par rapport à son continentAustralie | Etats-Unis
73%
6Capitale la plus éloignée de capitales d'autres paysAustralie | Nouvelle Zélande | Timor Oriental | Palaos | Islande
72%
3Frontière avec le Suriname la plus longueGuyana | France
71%
2Population chrétienne la plus importanteEtats-Unis
70%
2Plus de cathédralesItalie
70%
8Dernier à rejoindre les BRICSAfrique du Sud | Arabie Saoudite | Argentine | Egypte | Emirats Arabes Unis | Ethiopie | Iran
65%
6Drapeau le plus vertArabie Saoudite | Turkménistan | Bangladesh | Zambie | Pakistan
62%
4Production de bananes la plus importanteInde | Chine | Indonésie
53%
4Production de cacao la plus importanteCôte d'Ivoire | Ghana | Indonésie
50%
2Plus de forêt tropicale humideIndonésie
50%
2Plus d'organisations de la coupe du monde masculine de la FIFA (jusqu'en 2026)Mexique
43%
2Plus grande surface recouverte par la mangroveIndonésie
41%
4Production d'ananas la plus importanteCosta Rica | Indonésie | Philippines
37%
2Production de fer la plus importanteAustralie
30%

Distribution des résultats

Percentile par nombre de réponses

% des personnes avec chaque résultat

Votre développement - résultats

Vous n’avez pas pris ce quiz depuis la dernière actualisation